000
00244nam a2200097Ia 4500
001
1070944
005
20250827002115.0
008
250824s9999 xx 000 0 und d
245
0
_a
İNSAN VE MAKİNE
_c
DANİEL NEWMAN
260
_b
ORENDA YAYINLARI
999
_c
1070944
_d
1070944